000 00458nam a2200181 a 4500
001 12840
003 CO-ViMGA
008 141112s2004 ck r 000 u spa d
040 _aCO-ViMGA
_bspa
_cCO-ViMGA
082 0 4 _a338.91 K45e2
100 1 _aKindleberger, P. Charles
_918652
245 1 0 _aEconomía Internacional
250 _a6
260 _aMadrid :
_bAguilar,
_c1967
650 1 4 _aCOMERCIO
_94345
650 1 4 _aPolítica - ECONOMICA
942 _2ddc
_cBK
999 _c23769
_d23769